La evaluación diagnóstica de carácter formativo : una mirada crítica desde sus actores /

Detalles Bibliográficos
Otros Autores: Ortiz Bernal, Alexánder (Editor), Rey Vásquez, Elías Manaced (Editor)
Formato: Electrónico eBook
Lenguaje:español
Publicado: Bogotá D. C. - Colombia : Corporación Universitaria Minuto de Dios - UNIMINUTO, 2023.
Edición:Primera edición digital.
Materias:
Acceso en línea:Digitalia Hispánica

MARC

LEADER 00000nam a2200000Ii 4500
001 DIGCUMD0315
003 NyNyDIG
006 m o d
007 cr |||||||||||
008 241001s2023 ck a ob 000 0 spa d
035 |a (OCoLC)1460842852 
040 |a DGITA  |b eng  |e rda  |e pn  |c DGITA 
020 |a 9789587636888  |q eBook 
041 0 |a spa  |b spa  |b eng 
043 |a s-ck--- 
050 1 4 |a LB2838 ebook 
245 0 3 |a La evaluación diagnóstica de carácter formativo :  |b una mirada crítica desde sus actores /  |c Alexánder Ortiz Bernal, Elías Manaced Rey Vásquez, compiladores. 
250 |a Primera edición digital. 
264 1 |a Bogotá D. C. - Colombia :  |b Corporación Universitaria Minuto de Dios - UNIMINUTO,  |c 2023. 
300 |a 1 online resource :  |b illustrations. 
336 |a text  |b txt  |2 rdacontent 
337 |a computer  |b c  |2 rdamedia 
338 |a online resource  |b cr  |2 rdacarrier 
347 |a text file  |2 rdaft 
347 |b PDF 
504 |a Includes bibliographical references. 
546 |a Text in Spanish with abstract in Spanish and English in each chapter. 
588 0 |a Online resource; title from PDF title page (Digitalia, viewed October 1, 2024) 
650 0 |a Teachers  |x Rating of  |z Colombia. 
650 0 |a Education  |x Research  |z Colombia. 
700 1 |a Ortiz Bernal, Alexánder,  |e editor. 
700 1 |a Rey Vásquez, Elías Manaced,  |e editor. 
791 2 |a Digitalia (Firm),  |e distributor. 
793 0 |g Digitalia eBook Collection:  |a Corporación Universitaria Minuto de Dios 
856 4 0 |3 Digitalia Hispánica  |u https://www.digitaliapublishing.com/a/160761/ 
910 |a Premium collection: 2024